Cristóbal Colón : novela : edición ilustrada con 24 grabados /

Spremljeno u:
Bibliografski detalji
Glavni autor: Cooper, James Fenimore (autor)
Format: Knjiga
Jezik:španjolski
Izdano: Madrid, España : París, Francia : Establecimiento Tipográfico de Mellado ; Librería Universitaria Española de Hidalgo, fecha no identificada
Teme:
Oznake: Dodaj oznaku
Bez oznaka, Budi prvi tko označuje ovaj zapis!

MARC

LEADER 00000nam^a2200000^a^4500
001 000182554
005 20250526000000.0
009 20260310102010.757
037 |a Acervo ITESO - Biblioteca 
041 |a ESP 
082 |a 813.  |b COO 
100 |a Cooper, James Fenimore  |e (autor) 
240 1 1 |a [Cristóbal Colón de James Fenimore Cooper] 
245 1 0 |a Cristóbal Colón :  |b novela : edición ilustrada con 24 grabados /  |c J.F. Cooper. 
264 1 |a Madrid, España :  |b Establecimiento Tipográfico de Mellado ;  |a París, Francia :  |b Librería Universitaria Española de Hidalgo,  |c fecha no identificada 
300 |a 159 p. ;  |c 27.0 cm. 
336 |a texto  |b txt  |2 rdacontenido 
337 |a sin mediación  |b n  |2 rdamedio 
338 |a volumen  |b nc  |2 rdasoporte 
545 0 |a Nacido en el seno de una familia aristocrática, el popular escritor norteamericano James Fenimore Cooper (1789-1851) dedicó su juventud a navegar, primero en barcos mercantes y, posteriormente, de la Armada estadounidense, sin concluir sus estudios superiores; sus viajes marítimos, así como su interés por la historia de su país, serían un gran referente en sus obras literarias; también se interesó por la Edad Media y por los cambios que trajo consigo la Revolución Industrial. Fue uno de los primeros autores en usar personajes negros, afronorteamericanos o indígenas en sus obras. En sus novelas de aventuras describió el avance de los pioneros hacia el oeste y los enfrentamientos que tuvieron con los grupos nativos norteamericanos, entre las que destaca El último mohicano; otras novelas suyas son Precaución; El espía: historia de territorio neutral; La pradera; El trampero; La hechicera marina; El cazador de gamos; El corsario rojo; El verdugo; Los Heidenmauer; Bravo; Los pioneros o las fuentes del Susquehanna y El piloto: una historia del mar. Entre sus publicaciones de historia destacan las que hizo de la Marina norteamericana: Vidas de distinguidos oficiales americanos y Procedimiento de la corte marcial naval en el caso de Alexander Sidell Mackenzie, comandante de la Marina de los Estados Unidos. La crítica de sus contemporáneos y posterior ha dudado si clasificarlo como un escritor romántico, pero sí ha coincidido en alabar sus detalladas y precisas descripciones históricas. Durante una larga estancia en Europa comenzó a escribir en periódicos en defensa de Estados Unidos, activismo político que desarrollaría en este sentido hasta el final de su vida y del que resultaría el libro Una carta a mis paisanos, crítica a la postura conservadora de su época ante la democracia. 
649 |a XX 
650 |a Novela Norteamericana 
650 |a Novela Histórica -  |z EUA 
650 |a Literatura Norteamericana -  |y Siglo XIX 
650 |a Literatura e Historia 
650 |a América -  |x Historia -  |y Descubrimiento y Exploración 
650 |a Colón, Cristóbal -  |x Tema Principal 
910 |a Fondo General 
920 |a Impresos - Libros 
930 |a Libros Antiguos y Raros 
940 |a Literatura 
905 |a 108 
901 |a 0500122029  |b IT2  |c LRA  |u 20250526 
902 |a https://opac.biblio.iteso.mx/vufind/Record/000182554